THE COBRA EVENT (Record no. 2433)
[ view plain ]
| 000 -LEADER | |
|---|---|
| fixed length control field | 00569nam a22001457a 4500 |
| 020 ## - INTERNATIONAL STANDARD BOOK NUMBER | |
| ISBN | 0-679-45714-3 |
| 082 ## - DEWEY DECIMAL CLASSIFICATION NUMBER | |
| Classification number | 823 |
| Item number | PRE/C |
| 100 ## - MAIN ENTRY--AUTHOR NAME | |
| Personal name | PRESTON, RICHARD |
| 245 ## - TITLE STATEMENT | |
| Title | THE COBRA EVENT |
| 260 ## - PUBLICATION, DISTRIBUTION, ETC. (IMPRINT) | |
| Place of publication | NEW YORK |
| Name of publisher | RANDOM HOUSE |
| Year of publication | 1997 |
| 300 ## - PHYSICAL DESCRIPTION | |
| Number of Pages | 404 |
| 520 ## - SUMMARY, ETC. | |
| Summary, etc | The Cobra Event is a realistic science fiction. It's about a virus, Cobra, which affects the brain and turns one into a monster, killing oneself from inside. A homeless man dies on a subway platform. Days later, a teenager dies under strange circumstances. |
| 650 ## - SUBJECT ADDED ENTRY--TOPICAL TERM | |
| Topical Term | NOVEL |
| Geographic subdivision | UNITED STATES |
| 942 ## - ADDED ENTRY ELEMENTS (KOHA) | |
| Koha item type | Books |
| Withdrawn status | Lost status | Collection code | Home library | Current library | Shelving location | Date acquired | Source of acquisition | Full call number | Accession Number | Koha item type |
|---|---|---|---|---|---|---|---|---|---|---|
| Reference | Main Library | Main Library | SHELF 1-J-ENGLISH NOVELS FOR TEACHERS | 12/02/2005 | purchase | 823 PRE/C | 01527 | Books |